📖 150 premiers mots "Mémé dans les orties" N2 Valognes - Statistiques

Statistiques générales
  • Ce quiz a Ă©tĂ© pris 11 fois
  • Le rĂ©sultat moyen est 78 sur 150
Statistiques - réponses
Mots % Correct
a
100%
A
100%
Ă 
100%
C'
100%
d'
100%
de
100%
des
100%
en
100%
Ferdinand
100%
il
100%
l'
100%
la
100%
le
100%
Les
100%
les
100%
On
100%
qui
100%
se
100%
un
100%
Une
100%
une
100%
au
89%
Au
89%
B
89%
Bonaparte.
89%
Bonaparte,
89%
et
89%
était
89%
avait
78%
comme
78%
dans
78%
pour
78%
quand
78%
plus
67%
Tout
67%
tout
67%
bien
56%
bien.
56%
deux
56%
petite
56%
rue
56%
sans
56%
bout
44%
choses
44%
jours
44%
tĂ´t.
44%
8,
33%
années
33%
ans
33%
Après
33%
histoire,
33%
laissé
33%
ont
33%
sont
33%
tranquille.
33%
avaient
22%
bâtiments
22%
cour
22%
heureux.
22%
intérieur
22%
premier
22%
cinquante,
11%
coulait
11%
entretenue,
11%
étage
11%
fer
11%
gauche
11%
immeuble
11%
jolie
11%
noir
11%
portail
11%
située
11%
toujours
11%
ville
11%
abrité
0%
amer,
0%
bordée
0%
centenaires,
0%
chemin
0%
coloré
0%
contourne
0%
divorce
0%
dizaine ...
0%
élégant
0%
emménagé
0%
fleurie
0%
gâtées
0%
habitants
0%
immeubles
0%
indifférent.
0%
jardinet
0%
local
0%
mener
0%
murs
0%
paisible.
0%
pierre
0%
platanes
0%
potager
0%
poubelles.
0%
résidence,
0%
résidence
0%
roses
0%
sentaient
0%
taille,
0%
'Tourner
0%
trémières
0%
vieillard
0%
vinaigre'
0%
Aucun quiz correspondant
Distribution des résultats
% des personnes avec chaque résultat
Percentile par nombre de réponses
Votre historique - résultats
Vous n’avez pas pris ce quiz